| 000 | 01434nam a2200337 c 4500 | ||
|---|---|---|---|
| 003 | BLK | ||
| 005 | 20190114100332.0 | ||
| 008 | 180408b bul|||||r ||||||| ||bul|| | ||
| 010 | _aKNG00068029000 | ||
| 020 |
_a954-02-0305-8 _bиздат.: Наука и изкуство |
||
| 040 | _aBLK | ||
| 041 |
_aBUL _cBUL |
||
| 080 |
_aБългарски език _b811.163.2 _x(075.4) _z811.163.2(075.4) |
||
| 100 | 1 |
_aМатеева, Андриана Данаилова _eпърви автор _9364574 |
|
| 700 | 1 |
_aКърлова, Радка Николова _eсъавт. _9368836 |
|
| 139 |
_aМатеева, Андриана Данаилова и др. _bМ 39 |
||
| 245 | 1 | 0 |
_aТестове по български език _bЗа гимназисти и кандидат-студенти _cАндриана Данаилова Матеева; съавт. Радка Николова Кърлова. |
| 257 | _aBGR | ||
| 260 |
_аСофия _bНаука и изкуство _c2006 _fВраца : Полипринт |
||
| 300 |
_a224с. _c20 см |
||
| 380 | _a80 | ||
| 650 | 4 |
_aБългарски език - тестове - учебни помагала _9244102 |
|
| 653 | _aбългарски език | ||
| 653 | _aтестове | ||
| 653 | _aкандидат-студенти | ||
| 852 | _aЦб 229131 | ||
| 856 | 4 |
_qpdf _u |
|
| 856 | 4 |
_qpdf _u |
|
| 942 |
_cKNG _n0 _03 |
||
| 944 |
_aCR _c20.09.2006 _kНаталия_Медовщикова |
||
| 944 |
_aED _c16.12.2008 _k |
||
| 999 |
_c63770 _d63770 |
||